Development of Islamic education in Kano City, Nigeria, with emphasis on legal education in the 19th and 20th centuries

Bibliographic Details
Main Author: Chamberlain, John Weir , 1942- (Author)
Format: Book
Published: 1975
Subjects:

MARC

LEADER 00000cam a2200000 7i4500
001 0000005382
005 20200113093000.0
008 021118n
090 0 0 |a MIKROFILEM 24 
100 0 |a Chamberlain, John Weir ,   |d 1942- ,   |e author 
245 1 0 |a Development of Islamic education in Kano City, Nigeria, with emphasis on legal education in the 19th and 20th centuries   |c John Weir Chamberlain 
260 2 |c 1975 
300 |a 1 microflim reel ;   |c 35 mm. 
650 0 |a Islamic law   |x Study and teaching   |z Nigeria 
650 0 |a Islamic religious education   |z Nigeria 
999 |a 1000055499   |b Microfilm   |c Reference   |e Gong Badak Campus